Introduction to potential theory /
Guardado en:
| Autor Principal: | |
|---|---|
| Formato: | Libro |
| Idioma: | English |
| Publicado: |
New York :
Wiley-Interscience,
c1969.
|
| Series: | Pure and applied mathematics (Interscience Publishers) ;
v. 22. |
| Etiquetas: |
Agregar Etiqueta
Sin Etiquetas, Sea el primero en etiquetar este registro!
|
| LEADER | 00703cam a22002055 4500 | ||
|---|---|---|---|
| 001 | MAT.inmabb001846 | ||
| 008 | 691231s1969####nyua#####b####001#0#eng#d | ||
| 005 | 20130222113024.0 | ||
| 245 | 1 | 0 | |a Introduction to potential theory / |c L. L. Helms. |
| 260 | |a New York : |b Wiley-Interscience, |c c1969. | ||
| 300 | |a ix, 282 p. : |b il. ; |c 24 cm. | ||
| 490 | 1 | |a Pure and applied mathematics ; |v v. 22 | |
| 504 | |a Bibliografía: p. 275-278. | ||
| 510 | 4 | |a MR, |c 41 #5638 | |
| 020 | |a 0471369314 | ||
| 100 | 1 | |a Helms, L. L. |q (Lester La Verne), |d 1927- | |
| 830 | 0 | |a Pure and applied mathematics (Interscience Publishers) ; |v v. 22. | |
| 084 | |a 31-01 |2 msc2000 | ||
| 010 | |a 70088312 | ||
| 859 | |h 31 |i H481 |p A-3308 |b BIB. MATEMATICA | ||
